000 00290nam a2200121Ia 4500
100 _aMahajan/S. & others
942 _cRB
654 _aComputer
245 _aSuper computing for Scientific Visualization
260 _bTata Mc Graw hill
_aNew Delhi
_c1994
546 _aENGLISH
999 _c35137
_d35137